Statistics for Daily Country Riddle #27

Click here to take the quiz!

General Stats

  • This quiz has been taken 184 times
  • The average score is 12 of 15

Answer Stats

TypeAnswer% Correct
Found LetterA
100%
Found LetterI
99%
Found LetterE
97%
Found LetterR
97%
Correctly Placed LetterA
95%
Correctly Placed LetterI
95%
Found LetterG
86%
Found LetterO
86%
Correctly Placed LetterE
82%
Correctly Placed LetterG
73%
Correctly Placed LetterO
69%
Correctly Placed LetterR
68%
Correctly Placed LetterG
67%
Found LetterG
66%
Mystery CountryGeorgia
66%

Score Distribution

Percentile by Number Answered

Percent of People with Each Score

Your Score History

You have not taken this quiz